| 000 | 01718cam a2200433 a 4500 | ||
|---|---|---|---|
| 999 |
_c390 _d390 |
||
| 001 | 15887251 | ||
| 003 | OSt | ||
| 005 | 20190809085326.0 | ||
| 008 | 090831r20091989enkabg bq 000 0 eng d | ||
| 010 | _a 2009464730 | ||
| 020 | _a9780198328735 (pbk.) | ||
| 020 | _a0198328737 (pbk.) | ||
| 035 | _a(OCoLC)ocn246896026 | ||
| 040 |
_aBTCTA _cBTCTA _dYDXCP _dSTH _dDLC |
||
| 042 | _alccopycat | ||
| 043 |
_aa-cy--- _ae-it--- |
||
| 050 | 0 | 0 |
_aPR2829.A2 _bG55 2009 |
| 082 | 0 | 0 |
_a822.33 SHA _223 |
| 100 | 1 |
_aShakespeare, William, _d1564-1616. _eauthor |
|
| 245 | 1 | 0 |
_aOthello / _c[William Shakespeare] ; edited by Roma Gill. |
| 250 | _aNew ed. | ||
| 260 |
_aOxford ; _aNew York : _bOxford University Press, _c2009. |
||
| 300 |
_axxii, 174 p. : _bill., map, music ; _c22 cm. |
||
| 490 | 0 | _aOxford school Shakespeare | |
| 500 | _a"First published in 1989"--T.p. verso. | ||
| 500 | _aIn addition to the play, this text contains an introduction to the play, biographical information on Shakespeare, ways of exploring Othello in the classroom, and further readings and resources. | ||
| 504 | _aIncludes filmography (p. 174). | ||
| 504 | _aIncludes bibliographical references (p. 173-174). | ||
| 600 | 0 | 0 |
_aOthello _c(Fictitious character from Shakespeare) _vDrama. |
| 650 | 0 |
_aJealousy _vDrama. |
|
| 650 | 0 |
_aMuslims _vDrama. |
|
| 651 | 0 |
_aVenice (Italy) _vDrama. |
|
| 651 | 0 |
_aCyprus _vDrama. |
|
| 700 | 1 |
_aGill, Roma. _eEditor |
|
| 856 | 4 | 2 |
_3Publisher description _uhttp://www.loc.gov/catdir/enhancements/fy0917/2009464730-d.html |
| 906 |
_a7 _bcbc _ccopycat _d2 _encip _f20 _gy-gencatlg |
||
| 942 |
_2ddc _cNFIC |
||